Australia's Pearl Harbour, Darwin, 1942 / (Record no. 24086)
[ view plain ]
| 000 -LEADER | |
|---|---|
| fixed length control field | 00844nam a2200241 a 4500 |
| 001 - CONTROL NUMBER | |
| control field | 24086 |
| 003 - CONTROL NUMBER IDENTIFIER | |
| rucl marc code | BD-RjUL |
| 005 - DATE AND TIME OF LATEST TRANSACTION | |
| control field | 20211209001016.0 |
| 008 - FIXED-LENGTH DATA ELEMENTS--GENERAL INFORMATION | |
| fixed length control field | 140312s1966 at a b 001 0 eng d |
| 035 ## - SYSTEM CONTROL NUMBER | |
| System control number | (BD-RjUL)24152 |
| 040 ## - CATALOGING SOURCE | |
| Original cataloging agency | ANB |
| Language of cataloging | eng |
| Transcribing agency | ANB |
| Modifying agency | NSL:R |
| -- | BD-RjUL |
| 041 ## - LANGUAGE CODE | |
| Language code of text/sound track or separate title | eng |
| 082 04 - DEWEY DECIMAL CLASSIFICATION NUMBER | |
| Classification number | 940.5426 |
| Edition number | 19 |
| Author mark and year | LOA 1966 |
| 100 1# - MAIN ENTRY--PERSONAL NAME | |
| Personal name | Lockwood, Douglas, |
| Dates associated with a name | 1918-1980. |
| 9 (RLIN) | 74203 |
| 245 10 - TITLE STATEMENT | |
| Title | Australia's Pearl Harbour, Darwin, 1942 / |
| Statement of responsibility, etc. | Douglas Lockwood. |
| 260 ## - PUBLICATION, DISTRIBUTION, ETC. (IMPRINT) | |
| Place of publication, distribution, etc. | Melbourne : |
| Name of publisher, distributor, etc. | Cassell Australia, |
| Date of publication, distribution, etc. | c1966. |
| 300 ## - PHYSICAL DESCRIPTION | |
| Pagination | xiii, 232 p. : |
| Illustrations | ill.; |
| Size | 18 cm. |
| 504 ## - BIBLIOGRAPHY, ETC. NOTE | |
| Bibliography, etc | Includes bibliographical references and index. |
| 650 #0 - SUBJECT ADDED ENTRY--TOPICAL TERM | |
| Topical term or geographic name as entry element | World War, 1939-1945 |
| General subdivision | Aerial operations, Japanese. |
| 9 (RLIN) | 74204 |
| Topical term or geographic name as entry element | World War, 1939-1945 |
| Geographic subdivision | Northern Territory |
| -- | Darwin. |
| 9 (RLIN) | 74205 |
| 651 #0 - SUBJECT ADDED ENTRY--GEOGRAPHIC NAME | |
| Geographic name | Darwin (N.T.) |
| General subdivision | History |
| Chronological subdivision | Bombardment, 1942. |
| 9 (RLIN) | 74206 |
| 942 ## - ADDED ENTRY ELEMENTS (KOHA) | |
| Source of classification or shelving scheme | Dewey Decimal Classification |
| Koha item type | Books |
| Lost status | Source of classification or shelving scheme | Damaged status | Not for loan | Collection code | Permanent Location | Current Location | Shelving location | Date acquired | Source of acquisition | Cost, normal purchase price | Total Checkouts | Full call number | Date last seen | Copy number | Koha item type |
|---|---|---|---|---|---|---|---|---|---|---|---|---|---|---|---|
| Dewey Decimal Classification | Added to bundle | Non-fiction | Central Library, University of Rajshahi | Central Library, University of Rajshahi | Reading Room | 16/09/1969 | Pakistan Book Centre, Karachi. | 27.00 | 940.5426 LOA 1966 | 12/03/2014 | C-1 | Books |